| 000 | 00640nam a22000977a 4500 | ||
|---|---|---|---|
| 008 | 240530b ||||| |||| 00| 0 eng d | ||
| 100 | _aO'Keef, Donna | ||
| 245 | _aPhilatelic Gems 1 | ||
| 260 | _bLinn's | ||
| 650 | _aRare Stamps|Argentina|Australia|Austria|Bermuda|Brazil|British Guiana| Canada|Canal Zone|Cape of Good Hope|Ceylon|Colombia|Danzig|Falkland Islands|Finaland|France|The Gambia|German East Aftrica|Germany|Gibraltar|Great Britain|Greece|Grenada|Hawaii|Honduras|India|Italy|Jamaica|Japan|Kenya|Mauritius|Mexico|New Brunswick|Newfoundland|Romania|Sicily|Spain|Sweden|Switzerland|Togo|Trinidad|Uganda|United States|Uruguay|Virgin Islands | ||
| 999 |
_c3605 _d3605 |
||